| 000 | 01533cam a22003618i 4500 | ||
|---|---|---|---|
| 001 | 21405062 | ||
| 003 | JO-AjAnu | ||
| 005 | 20231127112632.0 | ||
| 008 | 200128s2020 enk b 001 0 eng | ||
| 010 | _a 2020004374 | ||
| 020 |
_a9781119421771 _q(hardback) |
||
| 040 |
_aDLC _beng _erda _cDLC _dJO-AjAnu |
||
| 042 | _apcc | ||
| 050 | 0 | 0 |
_aHV6768 _b.A493 2020 |
| 082 | 0 | 0 |
_a364.16/8 _223 |
| 100 | 1 |
_aAlexander, Carol _c(Economist), _eauthor. |
|
| 245 | 1 | 0 |
_aCorruption and fraud in financial markets : _bmalpractice, misconduct and manipulation / _cCarol Alexander, Douglas Cumming. |
| 263 | _a2004 | ||
| 264 | 1 |
_aUnited Kingdom : _bWiley, _c2020. |
|
| 300 | _apages cm | ||
| 336 |
_atext _btxt _2rdacontent |
||
| 337 |
_aunmediated _bn _2rdamedia |
||
| 338 |
_avolume _bnc _2rdacarrier |
||
| 504 | _aIncludes bibliographical references and index. | ||
| 520 |
_a"Apart from headline cases like the LIBOR scandal, financial market misconduct is actually prevalent in a surprisingly large number of firms. According to a study published in 2014, financial market misconduct and fraud affects about 15% of publicly listed companies each year; and a study published in 2008 claimed that it can cost between 20% and 38% of the company's value"-- _cProvided by publisher. |
||
| 650 | 0 | _aCommercial crimes. | |
| 650 | 0 | _aFraud. | |
| 650 | 0 |
_aMoney market _xCorrupt practices. |
|
| 700 | 1 |
_aCumming, Douglas, _eauthor. |
|
| 906 |
_a7 _bcbc _corignew _d1 _eecip _f20 _gy-gencatlg |
||
| 942 |
_2lcc _cBK _n0 |
||
| 999 |
_c33166 _d33166 |
||